Riesci a nominare 16 giocatori della Juventus? - Impossibile - Statistics

Statistiche generali
  • Questo quiz è stato fatto 204 volte
  • Il punteggio medio è 9 su 16
Statistiche sulle risposte
con Immagini Risposta % Corretto
Fabrizio Miccoli
82%
Marcelo Estigarribia
81%
Adrian Mutu
77%
Jonathan Zebina
74%
Antonio Chimenti
73%
Luca Marrone
69%
Cristian Molinaro
68%
Christian Poulsen
65%
Jorge Martinez
52%
Enzo Maresca
44%
Sergio Almiron
39%
Ruben Olivera
36%
Daniel Fonseca
30%
Manuele Blasi
25%
Giuliano Giannichedda
24%
Cristian Zenoni
21%
Nessun quiz corrispondente trovato
Distribuzione punteggi
Percentuale di utenti per punteggio
Percentile per numero di risposta
I tuoi punteggi nel tempo
Non hai fatto questo quiz